00557nam a2200193 a 4500001001300000003000900013005001700022008004100039020002500080082001900105100002300124245006800147260004300215500003500258505001000293650002500303700001900328700001600347nice12345678IN_TiNIC20260116013052.0050524s1997 lona grp 000 0 eng  a0415317 c16.9900a305.40722bDEL aDelamotte, Eugenia aWomen Imagine Changeb A Global Anthology of Women`s Resistance aLondon bRoutledge Chapman Hall c1997 aincludes index and biblioraphy2 aIndex aWomen-Historiography1 aNatania Meeker1 aObarr, Jean